000 01445nam a22002890a 4500
001 PT20992
003 AR-LpoUNG
005 20210131232937.0
008 191001s2005||||ag |||||||||||||||||spa d
020 _a9500725975
_c$20,93
040 _aAR-LpoUNG
_bspa
_cAR-LpoUNG
_eaacr
041 _aspa
044 _aag
082 0 _aA863 969rei
100 1 _aSvampa, Maristella
245 1 4 _aLos reinos perdidos
250 _a1º edición
260 _aBuenos Aires :
_bSudamericana,
_c2005.
300 _a271 p. :
_bil.
520 _aTres episodios componen la novela. El primero cuenta la historia de dos viajantes que venden libros en la Patagonia, menos por profesión que por neurosis de destino: un andaluz escapado de la guerra civil española instruye a su compañero, que huye de la ciudad, no de la guerra. El segundo es un fresco animado por las pasiones de una familia italiana. Se trata de un mundo de inmigrantes nervioso y colorido, al borde del sainete. La narración contrasta con la anterior, aun cuando todo el tiempo aflora el paisaje de una meseta patagónica austera y casi monocroma. El último episodio permite entrever las intrigas de una viuda y un ambicioso abogado en una lucha empecinada por unas tierras de la Línea Sur en el desierto rionegrino.
650 4 _aARGENTINA
650 4 _aLITERATURA
650 4 _aNOVELAS
651 4 _aDOCUMENTOS TEORICOS O METODOLOGICOS
905 _a20992
942 _cLIB
999 _c18347
_d18347